Państwa o największym procencie ziemi uprawnej - Statystyki

Ogólne statystyki
  • Ten quiz został rozwiązany 9 razy
  • Średni wynik to 9 z 20
Statystyki odpowiedzi
% Kontynent Państwo % Poprawnych
57,6 Europa Ukraina
100%
54,4 Afryka Burundi
71%
64,2 Europa Mołdawia
71%
57,1 Afryka Rwanda
71%
50,5 Europa Węgry
71%
59,0 Europa Dania
57%
45,6 Afryka Uganda
57%
65,5 Azja Bangladesz
43%
53,7 Azja Indie
43%
50,7 Oceania Kiribati
43%
44,7 Afryka Nigeria
43%
66,7 Oceania Tuvalu
43%
76,3 Afryka Komory
29%
43,3 Azja Malediwy
29%
51,4 Oceania Mikronezja
29%
44,0 Ameryka Północna Salwador
29%
49,0 Afryka Togo
29%
49,7 Afryka Wyspy Świętego Tomasza i Książeca
29%
48,7 Ameryka Północna Haiti
14%
55,6 Oceania Wyspy Marshalla
14%
Nie znaleziono quizów pasujących do podanych kryteriów
Rozkład punktacji
Procent ludzi z każdym wynikiem
Percentyl według liczby udzielonych odpowiedzi
Twoja historia wyników
Nie rozwiązałeś tego quizu